La pequeña historia (Record no. 91185)

MARC details
000 -LEADER
campo de control de longitud fija 00773nam a2200217 i 4500
001 - NÚMERO DE CONTROL
campo de control 91185
003 - IDENTIFICADOR DE NÚMERO DE CONTROL
campo de control ES-MaACL
005 - FECHA Y HORA DE LA ÚLTIMA TRANSACCIÓN
campo de control 20230906180648.0
007 - CAMPO FIJO DE DESCRIPCIÓN FÍSICA--INFORMACIÓN GENERAL
campo de control de longitud fija t|
008 - DATOS DE LONGITUD FIJA--INFORMACIÓN GENERAL
campo de control de longitud fija 050127s1945 ag a ||||1|bspa d
080 ## - NÚMERO DE LA CLASIFICACIÓN DECIMAL UNIVERSAL
Número de la Clasificación Decimal Universal 929 Lerroux, Alejandro
080 ## - NÚMERO DE LA CLASIFICACIÓN DECIMAL UNIVERSAL
Número de la Clasificación Decimal Universal 946"1931/39"(093.32)
100 1# - ENTRADA PRINCIPAL--NOMBRE DE PERSONA
Nombre de persona Lerroux, Alejandro,
Fechas asociadas al nombre 1864-1949
9 (RLIN) 227246
245 13 - MENCIÓN DEL TÍTULO
Título La pequeña historia
Resto del título : apuntes para la historia grande /
Mención de responsabilidad, etc. vividos y redactados por el autor, A. Lerroux.
260 ## - PUBLICACIÓN, DISTRIBUCIÓN, ETC.
Lugar de publicación, distribución, etc. Buenos Aires :
Nombre del editor, distribuidor, etc. Cimera,
Fecha de publicación, distribución, etc. [1945] (
Fabricante Imp.Balmes)
300 ## - DESCRIPCIÓN FÍSICA
Extensión XVI, 618 p. :
Otras características físicas il. ;
Dimensiones 20 cm.
600 14 - PUNTO DE ACCESO ADICIONAL DE MATERIA--NOMBRE DE PERSONA
Nombre de persona Lerroux, Alejandro,
Fechas asociadas al nombre 1864-1949
9 (RLIN) 227246
651 #4 - PUNTO DE ACCESO ADICIONAL DE MATERIA--NOMBRE GEOGRÁFICO
Nombre geográfico España-
Subdivisión general Historia-
Subdivisión cronológica 1931-1939, II República-
Subdivisión de forma Relatos personales.
9 (RLIN) 8290
852 ## - LOCALIZACIÓN
Ubicación ES-MaACL
Número de control de estantería B-10566
Holdings
Estatus retirado Estado de pérdida Estado de daño No para préstamo Biblioteca de origen Biblioteca actual Ubicación en estantería Fecha de adquisición Fuente de adquisición Total de préstamos Signatura topográfica completa Código de barras Visto por última vez Precio de reemplazo Tipo de ítem Koha
        Biblioteca del Ateneo de Madrid Biblioteca del Ateneo de Madrid Sala Pardo Bazán 17/01/2008     B-10566 1095205 23/02/2023 23/02/2023 Libro impreso